| 000 | 01252cam a22003495a 4500 | ||
|---|---|---|---|
| 001 | ocm57355017 | ||
| 003 | OSt | ||
| 005 | 20170319112027.0 | ||
| 008 | 041214t20112009enk frb 001 0 eng d | ||
| 015 |
_aGBA491835 _2bnb |
||
| 016 | 7 |
_a013070132 _2Uk |
|
| 020 | _a1850437076 (hbk.) | ||
| 020 | _a9781850437079 (hbk.) | ||
| 035 |
_a(OCoLC)ocm57355017 _z(OCoLC)ocn149279350 |
||
| 040 |
_aUKM _beng _cUKM _dOCLCQ _dBAKER _dBTCTA _dBWKUK _dYDXCP _dBWK _dNLGGC _dBWX _dEG-ScBUE |
||
| 043 | _ama----- | ||
| 082 | 0 | 4 |
_a323.09174927 _bHUM _222 |
| 245 | 0 | 0 |
_aHuman rights in Arab thought : _ba reader / _cedited by Salma J. Jayyusi. |
| 260 |
_aLondon ; _aNew York : _bI. B. Tauris ; _aNew York : _bDistributed in the USA by Palgrave Macmillan, _c2011. |
||
| 300 |
_axvii, 670 p. ; _c25 cm. |
||
| 490 | 0 |
_aLMMES ; _v44 |
|
| 500 | _aIncludes index. | ||
| 500 | _aReprint of the 2009 ed. | ||
| 504 | _aBibliography : p. [573]-654. | ||
| 650 | 7 |
_aHuman rights _xPhilosophy. _2BUEsh _939866 |
|
| 650 | 7 |
_aHuman rights _zArab countries _xPhilosophy. _2BUEsh |
|
| 650 | 7 |
_aHuman rights _xReligious aspects _xIslam. _2BUEsh |
|
| 650 | 7 |
_aPhilosophy, Arab. _2BUEsh _932977 |
|
| 653 |
_bBUSBOL _cMarch2017 |
||
| 700 | 1 |
_aJayyusi, Salma Khadra, _eeditor. _94980 |
|
| 942 | _2ddc | ||
| 999 |
_c24467 _d24439 |
||